000 00340nam a2200157Ia 4500
003 OSt
005 20231211073355.0
008 170524s9999 xx 000 0 und d
020 _a0-07-063583-8
040 _ciimt
100 _aANTHONY ROBERT
100 _c2011
245 0 _aMANAGEMENT CONTROL SYSTEM
260 _aTMH
942 _2ddc
_c02
999 _c2631
_d2631